00317nam a2200121Ia 4500008004100000041001200041082001600053100001500069245005000084260003700134300000900171650001500180221030s9999 xx 000 0 und d aEnglish a105.23bBas aA. R. Basu 0aThermal Engineering Heat Powercby A. R. Basu bDhanpat Rai PubaNew Delhic1999 a1259 aMechanical